000 00358nam a2200169Ia 4500
003 0100
008 130303s9999 xx 000 0 und d
040 _cARRUPELIB
050 _aBP161.2.W51961
100 _aWilliams, John Alden (ed)
245 _aIslam
260 _aNY
260 _bGeorge Braziller
260 _C1961
300 _a256p
942 0 0 _02
999 _c45489
_d45489